A barquinha (Registo nº 2646)

Detalhes MARC
000 -Etiqueta do registo
Cabeçalho 00850nam a22002771 4500
005 - Identificador da versão
Campo de controlo 20240813121940.0
095 ## -
-- PTBN00019033
100 ## - Dados gerais de processamento
Dados gerais de processamento 19980703d1983 cd y0pory5003 ba
102 ## - Pais de publicação ou produção
País de publicação Portugal
101 1# - Língua de publicação
Língua do texto, banda sonora, etc. Português
106 ## - Campo de dados codificados: material textual
Dados codificados do material textual r
105 ## - Campo de dados codificados: livros
Dados codificados dos livros a z 000fy
215 ## - Descrição física 
Indicação específica da natureza do documento e extensão da espécie [32] p.
Outras indicações físicas muito il.
Dimensões 23 cm
200 1# - Titulo e menção de responsabilidade
Título próprio A barquinha
Informação de outro título e outros 30 contos para antes de dormir
Primeira menção de responsabilidade Eduardo Delgado
Outras menções de responsabilidade il. Natália Senmarti
-- trad. Ana Rabaça
225 2# - Colecção 
Título próprio da colecção Contos para antes de dormir
210 ## - Publicação, Distribuição, etc. 
Lugar da edição, distribuição, etc. Lisboa
Nome do editor, distribuidor, etc. Plátano
Data da publicação, distribuição, etc. D.L. 1983
606 ## - Nome comum usado como assunto
Número de registo de entrada de autoridade 0000029
Palavra de ordem Literatura portuguesa infantil
Subdivisão de assunto Conto
675 ## - Classificação Decimal Universal (CDU)
Notação 82-34
Edição
Língua da edição por
702 #1 - Nome de autor-pessoa física (responsabilidade secundária)
Número de registo de entrada de autoridade 0001464
Palavra de ordem Senmarti
Outra parte do nome não tomada para palavra de ordem Natália
Código de função Ilustrador / Técnico de desenho computorizado
Número de registo de entrada de autoridade 0001465
Palavra de ordem Rabaça
Outra parte do nome não tomada para palavra de ordem Ana Maria
Código de função Tradutor
700 #1 - Nome de autor-pessoa física (responsabilidade principal)
Número de registo de entrada de autoridade 0001463
Palavra de ordem Delgado
Outra parte do nome não tomada para palavra de ordem Eduardo
942 ## - Elementos de entrada adicionados (Koha)
Tipo de item no Koha Livro
Exemplares
Situação do levantamento Origin of item (home branch) (coded) Biblioteca de empréstimo Código de barras Cota Circulation type (not for loan) Tipo de documento Nota do exemplar Damaged status
  Biblioteca Escolar da Coca Maravilhas Biblioteca Escolar da Coca Maravilhas BECM3641/98 8EST DEL   Livro Sem mensagem